00482nam a2200169Ia 4500008004100000020000600041100001900047245008400066260000900150300001000159440001300169500000600182505000600188650001300194999001700207952008800224210310s9999 xx 000 0 und d a0 aRaymond924629 0a inventories a guide to their control, costing and effect upon income and taxes c1962 b : ,  a0924630 a0 a0 a0924631 c11114d11114 00104070aCPLbCPLd2021-03-10l0p430011867r2024-05-16 00:00:00w2021-03-10yBK